[Event "FIDE-Wch k.o."]
[Site "Las Vegas"]
[Date "1999.08.04"]
[Round "2.2"]
[White "Miles, Anthony John"]
[Black "Krasenkow, Michal"]
[Result "0-1"]
[WhiteElo "2588"]
[BlackElo "2647"]
[Annotator "Ribli,Z"]
[PlyCount "104"]
[EventDate "1999.07.31"]
[EventType "k.o."]
[EventRounds "7"]
[EventCountry "USA"]
[SourceTitle "CBM 072"]
[Source "ChessBase"]
[SourceDate "1999.10.01"]
[SourceVersion "1"]
[SourceVersionDate "1999.10.01"]
[SourceQuality "1"]

{[%mdl 2560]} 1. Nf3 Nf6 2. c4 d6 3. d4 Nbd7 4. Nc3 e5 {Schwarz spielt die
sogenannte Altindische Verteidigung, die ihm keinen vollen Ausgleich
verspricht. Ribli.} 5. Bg5 {Dieser Zug wird selten gespielt. Meines Erachtens
bietet der natürliche Zug 5.e4 dem Weissen bessere Chancen.} Be7 (5... h6 6.
Bh4 c6 7. e3 Be7 8. Qc2 Nh5 9. Bxe7 Qxe7 10. O-O-O Nhf6 11. g4 e4 12. Nd2 d5
13. Be2 Nb6 14. c5 Nbd7 15. h4 Nf8 16. Rdg1 Be6 17. Qa4 N8d7 18. g5 Ng8 19. f4
{1/2-1/2 Alterman,B-Gofshtein,L/Zagreb 1993/CBM 35/[Ribli] (69)}) 6. e3 c6 7.
Qc2 O-O (7... h6 8. Bh4 Nh5 9. Bxe7 Qxe7 10. O-O-O Nhf6 11. Rg1 (11. g4 Nb6 12.
dxe5 dxe5 13. h3 O-O 14. Rg1 Be6 15. Nxe5 Qc5 16. Nd3 Qxc4 17. Nf4 {1/2-1/2
Dautov,R-Serper,G/Tbilisi 1989/CBM 12 (52)}) 11... O-O (11... Nb6 12. h3 Bd7
13. g4 exd4 14. exd4 O-O-O 15. Re1 Qf8 16. Bd3 Re8 17. Nd2 Rxe1+ 18. Rxe1 Kb8
19. f4 Qd8 20. Nf3 {1-0 Christiansen,L-Casper,T/BL9495 1995/GER-chT (47)}) 12.
g4 e4 13. Nd2 d5 14. h4 g5 15. hxg5 hxg5 16. Re1 Re8 17. cxd5 cxd5 18. f3 b6
19. fxe4 dxe4 20. Bc4 Bb7 21. Ref1 Kg7 22. Rf5 Kg6 23. Nf3 Kg7 24. Qh2 {
1-0 Semkov,S-Manouck,T/BUL-FRA 1985/MCL (24)}) 8. O-O-O {[%cal Gd1d8] Weiss
spielt scharf, denn im Fall von entgegegesetzten Rochaden ist die
Schnelligkeit des Angriffs entscheidend.} (8. Be2) (8. Bd3) 8... h6 9. Bh4 Nh5
{Das ist ein typisches Manöver in dieser Variante. Schwarz möchte die
schwarzfeldrigen Läufer tauschen.} 10. Bxe7 (10. Bg3 $5 Nxg3 (10... Qa5 11. Bd3
$14) 11. hxg3 exd4 12. Nxd4) 10... Qxe7 11. g4 (11. Bd3 Nhf6) 11... Nhf6 12. g5
{Weiss öffnet die g-Linie.} hxg5 13. Nxg5 {[%cal Gh1g1,Gg1g8]} Re8 $1 $13 {
[%cal Gd7f8] Schwarz macht seinem Springer Platz auf f8 und bereitet den Zug
e5-e4 vor.} 14. h4 Nf8 {[%csl Gf8]} 15. Be2 {[%cal Gh4h5,Gh5h6]} (15. h5 Nxh5
$13 16. Rxh5 $6 Bg4 {[%csl Rd1,Rg5,Rh5][%cal Rg4d1,Rg4h5]} 17. Rh1 Bxd1 $17)
15... e4 {Schwarz scheränkt die Aktivität der weissen Dame ein.} 16. Rdg1 {
[%cal Gg1g8]} (16. h5 $40) 16... Bf5 17. Rg3 {[%cal Gh1g1,Gg1g8]} (17. h5 $40)
17... b5 {Weiss hat die halboffene g-Linie und gute Angriffschancen am
Königsflügel. Schwarz sucht daher taktische Gegenchancen am Damenflügel.} 18.
cxb5 $2 {Meines Erachtens wäre es für Weiss besser, seinen Angriff am
Königsflügel fortzusetzen und Aktionen am Damenflügel zu unterlassen.} (18. h5
$40) 18... cxb5 {[%cal Gc8c1,Ge8c8]} 19. Bxb5 Rec8 $44 {Für den Bauern hat der
Schwarze offene Linien am Damenflügel bekommen. Er droht noch nichts Konkretes,
übt aber nachhaltigen Druck aus.} 20. Ba6 (20. f3 $5) 20... Rc6 21. Bb5 Rc7 {
[%cal Ga8c8,Gc8c1]} 22. Kb1 N8d7 {[%cal Gd7b6,Gb6c4] Schwarz bringt den
Springer zum Damenflügel.} 23. Ba4 (23. h5 Rb8 $44) 23... Nb6 24. Bb3 d5 {
[%csl Rb3,Yc4][%cal Gb6c4] Der b3-Läufer ist eingeschlossen und Schwarz
bereitet den Zug ...Nc4 vor.} 25. Rc1 a5 {[%csl Rb3][%cal Ga5a4]} 26. a3 (26.
a4 $6 Rb8 $44) 26... a4 27. Ba2 Qd7 {Schwarz bereitet den Zug 28...Nc4 vor.} (
27... Nc4 28. Bxc4 dxc4 (28... Rxc4 29. Nxd5 Nxd5 30. Qxc4 $18) 29. f3 $16) 28.
Ka1 Nc4 29. Qe2 {[%csl Gc4]} (29. Bxc4 Rxc4 $44) 29... Rac8 {[%cal Gc8c1]} 30.
Bxc4 Rxc4 31. Rgg1 Ne8 $1 {[%csl Rg5][%cal Gf7f6,Ge8d6,Gd6b5] Schwarz will den
Springer g5 mit ...f6 befragen.} 32. f3 f6 {[%csl Rg5][%cal Rf6g5] Weiss hat
grosse Probleme mit dem g5-Springer.} (32... Nd6 33. fxe4 Nxe4 34. Ngxe4 Bxe4
35. h5 $40) 33. fxe4 dxe4 34. Rcf1 (34. h5 fxg5 35. Rxg5 Kh7 $17) 34... fxg5
35. Rxg5 Be6 $17 {Schwarz hat eine Figur gegen zwei Bauern mehr.} 36. d5 {[#]}
Rxc3 $5 (36... Bf7 $17) 37. bxc3 Rxc3 $1 {[%csl Ra1][%cal Rc3a3,Ra3a1] Das
Material zählt nicht. Schwarz spielt auf direkten Angriff.} (37... Bxd5 38. Rd1
Nf6 39. c4 $13) 38. dxe6 Rxa3+ 39. Kb2 (39. Kb1 Rb3+ 40. Ka1 Qc7 $40) 39...
Rb3+ 40. Ka1 (40. Kc2 Qc6+ $19 {[%csl Rc2]}) 40... Qc7 {[%cal Rc7c3,Rc3a1] Es
droht 41...Qc3+ und 42...Ra3+ mit Matt im nächsten Zug.} 41. Qd2 (41. Ka2 Qc3
$19) 41... Ra3+ 42. Kb1 (42. Kb2 Qb6+ $19 {Nach 43.Kxa3 kommt 43...Qb3 Matt.})
42... Qb6+ 43. Qb2 $8 (43. Kc1 Ra1+ 44. Kc2 Qb3#) 43... Rb3 {[%csl Rb1,Rb2]
[%cal Rb3b1] Schwarz gewinnt die Dame und entscheidet so die Partie.} 44. Rf2
Qxe6 $19 45. Rb5 Rxb2+ 46. Kxb2 Nf6 {Schwarz steht auf Gewinn.} 47. Rff5 Qd6 {
[%csl Re3][%cal Rd6d2,Rd2e3,Rd2b2] Schwarz droht, den e3-Bauern zu gewinnen.
Weiss ist hilflos.} 48. h5 Qd2+ 49. Ka3 Qxe3+ 50. Kxa4 Qd4+ 51. Kb3 e3 {
[%cal Re3e2,Re2e1]} 52. h6 e2 {Und Weiss gab die hoffnungslose Stellung auf.} (
52... e2 53. Rfe5 Qd1+ $19) (52... gxh6 $19) 0-1

[Event "Swidnica"]
[Site "Swidnica"]
[Date "1999.03.29"]
[Round "6"]
[White "Gritsak, Orest"]
[Black "Pedzich, Dominik"]
[Result "1-0"]
[WhiteElo "2521"]
[BlackElo "2436"]
[Annotator "Ribli,Z"]
[PlyCount "69"]
[EventDate "1999.03.??"]
[EventType "tourn"]
[EventRounds "9"]
[EventCountry "POL"]
[EventCategory "10"]
[SourceTitle "CBM 071"]
[Source "ChessBase"]
[SourceDate "1999.08.01"]
[SourceVersion "1"]
[SourceVersionDate "1999.08.01"]
[SourceQuality "1"]

{[%mdl 192]} 1. Nf3 Nf6 2. c4 c6 3. Nc3 d6 {Mit 3...d5 kann Schwarz das
Slawische Damengambit erreichen. Der Textzug ist hingegen ein wenig passiv und
bietet Schwarz keinen vollen Ausgleich. Ribli.} 4. g3 {Weiß entwickelt seinen
Läufer nach g2. das ist auch gut, aber die prinzipielle Alternative wäre der
Aufbau d4 / e4 / Be2 / 0-0.} (4. d4) 4... e5 5. Bg2 Nbd7 6. O-O Be7 (6... g6 7.
d4 Bg7 {Das wäre ein möglicher Übergang zur Königsindische Verteidigung.
Schwarz hat schon ...c7-c6 gespielt, was in einigen Varianten nicht notwendig
ist.}) 7. d4 O-O 8. Qc2 Re8 9. Rd1 (9. b3 Bf8 10. Bb2 Qc7) 9... Qc7 10. Be3 {
Weiß hat keine Angst vor 10...Ng4, verzichtet daher auf den Vorbereitungszug
10.h3. Meines Erachtens wäre die traditionelle Fortsetzung 10.h3 sicherer.} (
10. h3 Bf8 (10... a6 11. e4 b5 12. c5 Bb7 13. cxd6 Bxd6 14. dxe5 Nxe5 15. Nd4
b4 16. Na4 c5 17. Nf5 Bf8 18. f4 Ng6 19. e5 Bxg2 20. Qxg2 {1-0 Baburin,
A-Sutorikhin,V/Budapest 1991/TD (55)}) 11. Be3 $5 a6 (11... exd4 12. Bxd4 Ne5
13. b3 Bd7 14. Kh2 Rad8 15. Nh4 Bc8 16. e4 g6 17. f4 Ned7 18. Rd2 {1-0
Terentiev,V-Sutorikhin,J/Voronez 1991/CBM 22 ext (30)}) 12. Rac1 g6 13. a3 Rb8
14. Nd2 $5 (14. b4 $5 b5 $5 15. c5 dxc5 16. dxc5 $14) 14... Bg7 15. dxe5 dxe5
16. c5 Nf8 17. Nc4 $14 {Foigel,I-Vigorito/USA 1992/Inf 55 (17)}) (10. b3 $5 Bf8
11. Bb2 exd4 12. Rxd4 Ne5 13. Rad1 Ned7 14. Ng5 Nc5 15. Rh4 g6 16. Nd5 {
1-0 Skembris,S-Moutousis,K/Poros 1998/EXT 99 (25)}) 10... a6 (10... Ng4 $5 11.
Bd2 (11. Bg5 Bxg5 12. Nxg5 Ndf6 $11 {Nach dem Tausch ist die schwarze Stellung
freier als zuvor.}) 11... Nb6 12. b3 exd4 13. Nxd4 Bf6 14. Bf4 Be5 $11) 11.
Rac1 h6 (11... Ng4 $5) 12. h3 $14 {Endlich spielt Weiß h2-h3. Weiß hat dank
seines Übergewichts im Zentrum und seiner harmonischeren Figurenentwicklung
die etwas besseren Aussichten. Schwarz muß noch sein Problem mit dem
Damenläufer lösen.} Bf8 (12... b5 $2 13. cxb5 axb5 (13... cxb5 14. dxe5 dxe5
15. Nxe5 Nxe5 16. Bxa8 Bxh3 17. Nd5 $18) 14. Nxb5 $18 {[%cal Gc1c7]}) 13. Nd2
b6 {[%cal Gc8b7]} (13... exd4 14. Bxd4 Ne5 15. f4 $14) 14. dxe5 (14. d5 c5 $11
{Theoretisch ist die Bauernstruktur vorteilhaft für Weiß, aber in dieser
geschlossenen Stellung steht sein Läufer unglücklich auf e3.}) 14... Nxe5 {
Nach diesem Zug bleibt der d6-Bauer eine dauerhafte positionelle Schwäche.} (
14... dxe5 $5 15. Nde4 $14) 15. b3 Bb7 16. Nde4 Nxe4 17. Nxe4 {Weiß verfügt
über mehr Raum im Zentrum und seine Figuren stehen aktiver.} Re6 (17... Rad8)
18. f4 (18. Bd4 $14) 18... f5 (18... Nd7 19. f5 Ree8 20. Bf4 Ne5 21. f6 $36)
19. fxe5 $6 {Dieser Zug ist nicht schlecht, schafft dem Schwarzen aber weniger
Probleme als 19.Nc3.} (19. Nc3 $1 Nf7 (19... Nxc4 20. Bd4 {[%csl Rc4]} Na5 (
20... Ne3 21. Bxe3 Rxe3 22. Nd5 $1 $18 {[%cal Rd5c7,Rd5e3,Gc1c7]}) 21. Qxf5 $18
{[%csl Rb6,Rc7,Re6][%cal Rc3d5,Rd5c7]}) 20. Bd4 {[%cal Ge2e4]}) 19... fxe4 20.
Bf4 (20. exd6 Bxd6 21. Bxb6 Qxb6+ 22. c5 Bxc5+ (22... Qa7 23. Qc4 Bxc5+ (23...
Rae8 24. Rxd6 $18) 24. Qxc5 Qxc5+ 25. Rxc5 $14) 23. Qxc5 Qxc5+ 24. Rxc5 $14)
20... dxe5 21. Qxe4 {[%cal Ge4e6]} Rae8 22. Be3 {[%csl Ge4] Weiß besitzt nach
den Vereinfachungen die etwas besseren Chancen.} Ba3 23. Rc2 (23. Rc3 Bb2 24.
Rcd3 Bd4 $14) 23... Bb4 24. c5 $1 {[%cal Ge4b4]} Bxc5 25. Bxc5 bxc5 26. Rxc5 {
[%csl Rb7] Die weiße Bauernstruktur ist besser und der schwarze Damenläufer
hat wie in der gesamten Partie Probleme.} Qb6 27. b4 (27. Qc4 a5) 27... a5 $1 {
Endlich befreit Schwarz seinen Läufer.} 28. a3 Ba6 29. Kh2 axb4 30. axb4 Bb5 {
[%csl Gb5]} 31. Rd7 $16 {[%csl Gd7,Ge4][%cal Gd7g7] Für Schwarz wird es auf
der 7. Reihe sehr gefährlich. Weiß hat gute Angriffschancen.} Qb8 (31... R6e7
32. Rxe7 Rxe7 33. Rxe5 Rxe5 34. Qxe5 $16) 32. Qf5 {[%csl Gd7,Gf5][%cal Rf5f7,
Rf7g8]} (32. Qg4 R6e7 33. Rxe7 Rxe7 34. Bxc6 Bxc6 35. Rxc6 $16) 32... R6e7 (
32... Rf6 33. Qg4 g6 34. Qh4 $16 {[%cal Rh4f6,Rh4h6]}) {[#]} 33. Bd5+ $1 $18 {
Eine sehr schöne kleine Kombination, die die Parte sofort entscheidet.} cxd5 (
33... Kh8 34. Be4 {[%cal Re4h7,Rh7h8]} Kg8 35. Qh7+ Kf7 (35... Kf8 36. Rxe7
Kxe7 (36... Rxe7 37. Qh8+ $18 {[%cal Rh8b8]}) 37. Qxg7+ $18) 36. Bg6+ Ke6 37.
Bxe8 $18) 34. Rxe7 Rf8 (34... Rxe7 35. Rc8+ $18 {[%cal Rc8b8,Rc8g8]}) 35. Qg6 {
[%csl Rg7,Rg8] Schwarz gab in hoffnungsloser Lage auf.} (35. Qg6 Rf2+ 36. Kg1
Qf8 37. Rxg7+ (37. Rxb5 $4 Rf1+ $19) 37... Qxg7 38. Qxg7+ Kxg7 39. Kxf2 $18)
1-0

[Event "ARM-ch"]
[Site "Yerevan"]
[Date "1999.10.23"]
[Round "8"]
[White "Sargissian, Gabriel"]
[Black "Aronian, Levon"]
[Result "1-0"]
[WhiteElo "2470"]
[BlackElo "2518"]
[Annotator "Ribli,Z"]
[PlyCount "94"]
[EventDate "1999.10.16"]
[EventType "tourn"]
[EventRounds "11"]
[EventCountry "ARM"]
[EventCategory "10"]
[SourceTitle "CBM 074"]
[Source "ChessBase"]
[SourceDate "2000.02.01"]
[SourceVersion "1"]
[SourceVersionDate "2000.02.01"]
[SourceQuality "1"]

{[%mdl 4128]} 1. Nf3 {Meulders} Nf6 2. c4 c6 3. Nc3 d6 {Der andere Zug mit dem
d-Bauern führt zur Slawischen Verteidigung.} 4. g3 {Die prinzipielle Antwort
wäre 4.d4 und dann 5.e4, aber diese Variante ist auch gut.} e5 5. Bg2 Be7 6.
O-O O-O 7. d4 {Das ist der Grundstellung der Altindischen Verteidigung, in der
Schwarz eine feste, aber etwas passive Stellung hat.} Nbd7 8. Qc2 {Das ist ein
angenehmer Platz für die Dame, wonach Weiss eventuell Rd1 ziehen kann.} Qc7 9.
b3 Re8 10. Bb2 Bf8 11. e3 {Mit diesem Zug sichert Weiss seine Zentrumstellung
und nach eventuellem exd4 kann er auch exd4 antworten.} (11. Rac1 b6 (11... a6
12. Rfd1 Qb8 (12... Qa5 13. dxe5 dxe5 14. Ng5 h6 15. Nge4 Qc7 16. Qd2 Nxe4 17.
Nxe4 Nc5 18. Nd6 Bxd6 19. Qxd6 Qxd6 20. Rxd6 {1-0 Onischuk,A-Meyer,C/BL2-N
1993/GER-chT2 (76)}) 13. d5 cxd5 14. Nxd5 Nxd5 15. cxd5 Nf6 16. Ng5 Qa7 17. Ne4
{1-0 Steudtmann,C-Espig,L/Chemnitz 1997/EXT 99 (38)}) (11... h6 12. e3 a6 13.
Rfd1 exd4 $6 (13... Qb8 $5) 14. Nxd4 (14. exd4 $14) 14... g6 $6 15. h3 (15. Ne4
$5) 15... Bg7 16. Qb1 $5 {1/2-1/2 Adorjan,A-Tukmakov,V/Wijk aan Zee 1984/MCL/
[Bulletin] (39)}) 12. dxe5 dxe5 13. Ng5 Bb7 14. Rcd1 Rad8 15. Nce4 h6 16. Nxf6+
Nxf6 17. Ne4 {1/2-1/2 Borne,N-Bezold,M/ch-FRA (team), 1999 (51)}) (11. Rfd1 $14
) 11... a6 12. Rac1 {[%cal Gc1c7]} (12. a4 b6 13. Rac1 Bb7 14. Rfd1 Rad8 15. d5
cxd5 16. cxd5 Rc8 17. Qe2 Qd8 18. Nd2 a5 19. e4 {1/2-1/2 Sunye Neto,J-Padevsky,
N/Moscow 1989/TD (47) '+/=' Meulders. Meulders: '1/2-1/2 Sunye Neto,J-Padevsky,
N/Moscow 1989/TD (47)'}) 12... Qb8 $6 {Schwarz vermeidet die
Unannehmlichkeiten auf der c-Linie, aber dieser Zug scheint mir zu gekünstelt
zu sein.} (12... Rb8 13. Rfd1 g6 14. h3 Bg7 15. Ba3 Bf8 16. dxe5 dxe5 17. Bxf8
Nxf8 18. c5 Ne6 19. Ne4 Nxe4 20. Qxe4 Nf8 21. Rd6 Bf5 22. Qh4 Qe7 23. Qb4 Red8
24. Rcd1 Rxd6 25. Rxd6 {1/2-1/2 Steckner,J-Ptaschinski,D/Dortmund 1992/TD (72)}
) (12... b5 $2 13. cxb5 axb5 (13... cxb5 14. Nxe5) 14. Nxb5) (12... b6 {
Meulders} 13. Rfd1 Bb7 14. Rd2 $14 exd4 $6 (14... e4 15. Ng5 d5 16. cxd5 cxd5
17. Qd1 $14 (17. Ncxe4 $6 Qxc2 18. Nxf6+ gxf6 19. Rdxc2 fxg5 20. Rc7 Bc8 21.
Bxd5 $44)) 15. Nxd4 $36 {><d6,()} b5 $6 16. cxb5 c5 17. Nf3 Ne4 18. bxa6 $1
Rxa6 19. Rdd1 $16 Nxc3 20. Bxc3 Be4 21. Qe2 Qa7 22. Rd2 d5 23. Bf1 (23. Nh4 $16
) 23... Rd6 24. Qd1 $16 {0-1 Portisch,L-Vaganian,R/Montpellier 1985/Candidates/
[ChessBase] (68)}) 13. Nd2 {[%cal Gg2a8] Weiss öffnet die Diagonale des
g2-Läufers und vermeidet den Zug 13...b5.} g6 {[%cal Gf8g7] Schwarz muss die
Entwicklung des Damenflügels lösen und bereitet den Plan g6-Bg7-Nf8 vor,
wonach er endlich den c8B entwickeln kann.} 14. Rfd1 $14 {[%cal Gd1d7]} exd4 $6
{Mit diesem Zug gibt Schwarz gibt das Zentrum von selbst auf.} (14... Bg7 15.
d5 $14 (15. dxe5 dxe5 16. Nde4 $14)) ({Es war m.E. nicht nötig das Zentrum
aufzugeben, also besser} 14... Bg7 {Meulders}) 15. exd4 Bg7 16. Re1 {[%csl Ra8,
Rb8,Rc8][%cal Ge1e8] Mit diesem Zug kämpft Weiss um die e-Linie, während die
schwarzen Figuren passiv am Damenflügel stehen.} Nf8 17. Rxe8 (17. d5 $6 Bf5
$11) 17... Nxe8 {Meulders: 'Wie oft in der Altindischen Verteidigung ist die
schwarze Stellung ziemlich solide aber passiv.'} 18. d5 $1 {[%csl Gd5][%cal
Gb2g7,Gg2a8] Weiss hat fühlbaren positionellen Druck und freie Hand im Zentrum.
Meulders: 'Cf. die Anmerkung beim 14ten Zug. Falls Schwarz nicht auf d4
getauscht hätte, wäre die a1-h8 Diagonale noch geschlossen; falls Weiss selbst
nach 14...Bg7 15.dxe5 gespielt hätte, so könnte er nicht mehr d5 spielen!'} Bf5
19. Be4 Bd7 {'?!' Meulders. Meulders: 'Schwarz hat sich entschlossen diese
Partie zu erleiden.'} (19... Bxe4 20. Ncxe4 $14 {Weiss möchte den
schwarzfarbigen Läufer tauschen, wonach er Angriffschancen am Königsflügel
bekommt.} (20. Ndxe4 $14) (20. Ndxe4 {Meulders} f5 21. Ng5 Bh6 22. h4 Qd8 $132)
) {[#]} 20. c5 $1 {'!?' Meulders. Weiss opfert zeitweilig einen Bauern, aber
die schwarze Bauernstruktur am Damenflügel wird geschwächt.} dxc5 21. dxc6 bxc6
(21... Bxc6 22. Bxc6 bxc6 23. Na4 $14 {[%csl Rc5,Rc6][%cal Ra4c5]} (23. Nce4
$14 {[%csl Rc5,Rc6][%cal Re4c5]}) (23. Nce4 {Meulders} Bxb2 24. Qxb2 Ne6 25.
Nxc5 Nxc5 26. Rxc5 Qd6 27. Ne4 $16 {[%csl Rc6]})) 22. Na4 {[%csl Rc5] Weiss
gewinnt den Bauern zurück - mit Positionsvorteil, da beide c-Bauern schwach
sind.} Ne6 (22... Bxb2 23. Qxb2 Ne6 24. Nxc5 Nxc5 25. Rxc5 {[%csl Rc6]}) 23.
Bxg7 N8xg7 24. Nxc5 Nxc5 25. Qxc5 {[%csl Rc6] Weiss hat freie Hand - die
dunkelfarbigen Felder sind schwach in der schwarzen Stellung und der c6P ist
eine ewig angreifbarer Zielpunkt.} Ne6 26. Qe3 (26. Qc3 $14) 26... Qa7 {
'?!' Meulders. Meulders: 'Schwarz tauscht jetzt die einzige Figur die es ihm
ermöglicht die schwachen schwarzen Felder zu schützen. '} (26... Qd6 {Meulders}
27. Nc4 $14) 27. Nc4 $1 {[%cal Rc4e5,Re5c6]} Qxe3 28. fxe3 $5 {'!' Meulders.
Weiss hat keine Angst von der Schwächung des e3-Bauers, da Schwarz ihn nicht
angreifen kann, aber der c6P ist schwer zu verteidigen.} (28. Nxe3 $14) 28...
Ra7 {[%cal Ga7c7] Schwarz geht aus der Diagonale und vermeidet das Motiv Nb6.}
29. Ne5 {[%csl Rc6][%cal Re5c6,Re4c6,Rc1c6]} c5 30. Bd5 {[%csl Rc5][%cal Rd5e6]
} Rc7 31. Nd3 {[%csl Rc5][%cal Rd3c5]} Bb5 {Schwarz hat immer nur eine einzige
mögliche Verteidigung.} 32. Nf4 $1 (32. Bc4 $14) 32... Nxf4 $6 (32... Nf8 $5
$14) 33. gxf4 Kf8 34. e4 {[%csl Gd5,Ge4,Gf4] Weiss hat einen schönen Läufer
auf d5 und die bessere Bauernstruktur.} Ke7 35. Kf2 Bd7 $2 {Meulders:
'Verliert ohne Kompensation einen Bauern.'} (35... f6 36. Ke3 $14) (35... a5 {
Meulders} 36. e5 Bd7 $14) 36. b4 $16 {Mit diesem Zug gewinnt Weiss einen
wichtigen Bauern.} c4 {Schwarz hat nichts anderes - er muss den Bauern geben.}
(36... Kd6 37. bxc5+ Rxc5 38. Rxc5 Kxc5 39. Bxf7 $16 (39. Bxf7 {Meulders} Kd4
40. e5 $18)) 37. Rxc4 Rxc4 38. Bxc4 {[%csl Ra6][%cal Rc4a6]} Bb5 39. Bb3 $5 {
Vor der Zeitkontrolle ist es nicht leicht zu entscheiden - gewinnt das
Bauernendspiel oder nicht, so ist der Textzug eine sichere und gute
Entscheidung.} (39. Bxb5 axb5 40. Ke3 $18) 39... f6 40. Ke3 Be8 $6 (40... g5
41. fxg5 fxg5 42. Kd4) 41. Kd4 g5 42. fxg5 fxg5 43. Bc4 $18 {[%csl Ra6]} h5 (
43... Bb5 44. Bxb5 axb5 45. Ke5 $18 (45. Kc5 h5 46. Kxb5 g4 47. Kc4 h4 48. Kd3
g3 49. hxg3 h3 $19)) 44. Ke5 (44. Bxa6 $18) 44... Bd7 45. Bxa6 {Mit zwei
Bauern mehr steht Weiss auf Gewinn.} h4 46. Bf1 g4 47. Kf4 g3 {Und Schwarz gab
gleichzeitig in verlorener Stellung auf.} 1-0